Глобальные петрологические процессы

ग्रंथसूची विवरण
मुख्य लेखक: Добрецов Н. Л. Николай Леонтьевич
भाषा:रूसी
प्रकाशित: Москва, Недра, 1981
विषय:
स्वरूप: MixedMaterials पुस्तक
KOHA link:https://koha.lib.tpu.ru/cgi-bin/koha/opac-detail.pl?biblionumber=128188

MARC

LEADER 00000nam0a2200000 4500
001 128188
005 20231031132544.0
020 |a RU  |b 81-73436 
035 |a (RuTPU)RU\TPU\book\138648 
090 |a 128188 
100 |a 20071224d1981 km a0rusy5003 ca 
101 0 |a rus 
102 |a RU 
105 |a ab z 001zy 
200 1 |a Глобальные петрологические процессы  |f Н. Л. Добрецов 
210 |a Москва  |c Недра  |d 1981 
215 |a 236 с.  |c ил. 
320 |a Библиография: с. 224-233. 
320 |a Предметный указатель: с. 234-235. 
610 1 |a развитие 
610 1 |a Земля 
610 1 |a строение 
610 1 |a тектоносфера 
610 1 |a магматизм 
610 1 |a магматические формации 
610 1 |a метаморфизм 
610 1 |a метаморфические формации 
610 1 |a эндогенные процессы 
610 1 |a геодинамика 
675 |a 552.3  |v 3 
675 |a 552.4  |v 3 
700 1 |a Добрецов  |b Н. Л.  |g Николай Леонтьевич 
801 0 |a RU  |b RuMRKP  |c 19950704  |g psbo 
801 1 |a RU  |b 63413507  |c 20071224  |g PSBO 
801 2 |a RU  |b 63413507  |c 20091128  |g PSBO 
942 |c BK